00339nam a2200133Ia 450000500170000000800410001704100080005808200160006610000240008224500390010626000370014530000090018265000140019120250729165756.0250729s2017 xx 000 0 und d aeng a372.25 RAMT aRamachandraiah B .R aThe Essence of Inclusive Education aMysorebVismaya Prakashanac2017 a271p aEducation